| 000 | 00474nam a22001457a 4500 | ||
|---|---|---|---|
| 008 | 151010b xxu||||| |||| 00| 0 eng d | ||
| 020 | _a0201818396 | ||
| 050 | _aPS 509 .K56 1994 | ||
| 100 |
_aKing, Laurie _d1994. |
||
| 245 |
_aHear my Voice. _bA Multicultural anthology of Literature from the United States. _claurie,king. |
||
| 260 |
_aNew York; _bAddison-Wesley Publishing Company, _c1994. |
||
| 300 | _axiv, 398p:ill. | ||
| 650 | _aReaders Elementary | ||
| 942 |
_2lcc _cBOOKS |
||
| 999 |
_c8273 _d8273 |
||